Welcome to CU Library Online Public Access Catalogue (OPAC)

A student's guide to the Internal Revenue Code / (Record no. 2867)

MARC details
000 -LEADER
fixed length control field 00730cam a22002174a 4500
001 - CONTROL NUMBER
control field 3103998
005 - DATE AND TIME OF LATEST TRANSACTION
control field 20250122214559.0
008 - FIXED-LENGTH DATA ELEMENTS--GENERAL INFORMATION
fixed length control field 990429s1999 nyu 000 0 eng
020 ## - INTERNATIONAL STANDARD BOOK NUMBER
International Standard Book Number 0820541303 (softcover)
050 00 - LIBRARY OF CONGRESS CALL NUMBER
Classification number KF6369.3
Item number .G35 1999
082 00 - DEWEY DECIMAL CLASSIFICATION NUMBER
Classification number 343.7304
Edition information 21
100 1# - MAIN ENTRY--PERSONAL NAME
Personal name Gershon, I. Richard.
245 12 - TITLE STATEMENT
Title A student's guide to the Internal Revenue Code /
Statement of responsibility, etc. I. Richard Gershon.
250 ## - EDITION STATEMENT
Edition statement 4th ed.
260 ## - PUBLICATION, DISTRIBUTION, ETC.
Place of publication, distribution, etc. New York :
Name of publisher, distributor, etc. LEXIS,
Date of publication, distribution, etc. 1999.
300 ## - PHYSICAL DESCRIPTION
Extent xiii, 135, I-6 p. ;
Dimensions 28 cm.
440 #0 - SERIES STATEMENT/ADDED ENTRY--TITLE
Title Student guide series
650 #0 - SUBJECT ADDED ENTRY--TOPICAL TERM
Topical term or geographic name entry element Income tax
General subdivision Law and legislation
Geographic subdivision United States
Form subdivision Outlines, syllabi, etc.
650 #0 - SUBJECT ADDED ENTRY--TOPICAL TERM
Topical term or geographic name entry element Taxation
General subdivision Law and legislation
Geographic subdivision United States
Form subdivision Outlines, syllabi, etc.
942 ## - ADDED ENTRY ELEMENTS (KOHA)
Source of classification or shelving scheme Library of Congress Classification
Koha item type Books
Suppress in OPAC No
999 ## -
-- 2867
-- 2867
Holdings
Withdrawn status Lost status Source of classification or shelving scheme Damaged status Not for loan Collection Home library Current library Shelving location Date acquired Total checkouts Full call number Barcode Date last seen Copy number Price effective from Koha item type
    Library of Congress Classification     Non-fiction Law Library (Christ Temple) Law Library (Christ Temple) General stacks 01/22/2025   KF6369.3.G35 GER LLCT00000269 01/22/2025 1 01/22/2025 Books
© 2023-2024 Copyright: Central University Libraries. All Rights Reserved | Created by: Mahone Tech Office